000 00461nam a2200181Ia 4500
001 24547
005 20260414151051.0
008 260414t2010||||xx |||||||||||||| ||spa||
041 _aESP
082 _a345.72
_bT22A
100 _aTaruffo, Michele
_eAUT
245 0 _aSimplemente la verdad :
_bel juez y la construcción de los hechos
260 _c2010
300 _a299 páginas :
_c23 cm.
650 _aDER
654 _aCDE
942 _cLIB
_dJUS
_fJUS
_2ddc
_n
999 _c24547
_d24547